Africa Geography by Letter - D - Statistics

General Stats
  • This quiz has been taken 328 times
  • The average score is 9 of 20
Answer Stats
Hint Answer % Correct
Small country in the Horn of Africa Djibouti
100%
The Sahara and the Kalahari are examples of this type of area desert
98%
Country formerly called Zaire Democratic Republic of the Congo
97%
Capital and largest city of Senegal Dakar
96%
Largest city in Tanzania Dar es Salaam
94%
Capital of Tanzania Dodoma
87%
Large South African city on the coast of the Indian Ocean Durban
84%
Region of western Sudan Darfur
72%
Largest city in Cameroon Douala
56%
Old name for Benin, as well as a former kingdom located in modern Benin Dahomey
47%
Island of Tunisia with historic Jewish minority Djerba
23%
Ethnic group native to South Sudan; its people are among the tallest in the world Dinka
17%
Chartered city in eastern Ethiopia Dire Dawa
13%
City in Mali known for its Great Mosque Djenné
11%
Port city in northern Egypt known for its furniture industry Damietta
7%
Longest river in Morocco Draa
4%
Tunisian town known as the "gateway to the Sahara" Douz
3%
Archipelago of Eritrea famous for its pearls Dahlak Archipelago
2%
Small archipelago within Madeira Desertas Islands
2%
Language spoken by around one million people in southeast Ghana Dangme
1%
No matching quizzes found
Score Distribution
Percent of People with Each Score
Percentile by Number Answered
Your Score History
You have not taken this quiz